| 000 | 00478nam a2200181Ia 4500 | ||
|---|---|---|---|
| 003 | GCL | ||
| 008 | 140319s9999 xx 000 0 eng d | ||
| 040 |
_aGCL / _cGCL |
||
| 082 | 0 | 4 |
_a759 _bM R |
| 100 | 1 | _aMORRAL, AMCHREW | |
| 245 | 1 | 0 |
_aTHE HISTORY AND TECHNIQUES OF THE GREAT MASTERS RUBENS / _cMORRAL, AMCHREW |
| 260 |
_a[S.N] : _bTIGER BOOKS INTERNATIONAL ، _c1989 |
||
| 300 | _a64 PP | ||
| 650 | 0 | 4 | _aART |
| 650 | 0 | 4 | _aPAINTING |
| 650 | 0 | 4 | _aPAINTERS |
| 942 |
_2ddc _cBK |
||
| 999 |
_c18188 _d18188 |
||